| 000 | 00772nam a2200265 a 4500 | ||
|---|---|---|---|
| 001 | 15027 | ||
| 003 | BD-RjUL | ||
| 005 | 20211208235733.0 | ||
| 008 | 140209s2006 1995 enk 001 0 eng d | ||
| 020 | _a0131494449 | ||
| 035 | _a(BD-RjUL)15081 | ||
| 040 |
_aOX/U-1 _beng _cBD-RjUL _dBD-RjUL |
||
| 041 | _aeng | ||
| 082 |
_a658 _bSTM 1995 _223 |
||
| 100 | 1 |
_aSTONER ,JAMES A.F. _q(James Arthur Finch) _946779 |
|
| 245 | 1 | 0 |
_aManagement / _cJAMES A.F. STONER |
| 250 | _a6th ed. / | ||
| 260 |
_aLondon : _bPrentice-Hall International, _cc1995. |
||
| 300 |
_axxv, 630 p. : _bill. ; _c28 cm |
||
| 500 | _aInclude index | ||
| 650 | 0 |
_aManagement _946780 |
|
| 700 | 1 |
_aFreeman, R. Edward, _d1951- _946781 |
|
| 700 | 1 |
_aGilbert, Daniel R., _d1952- _946782 |
|
| 942 |
_2ddc _cBK |
||
| 999 |
_c15027 _d15027 |
||